| 000 | 01553njm0a2200373 4500 | ||
|---|---|---|---|
| 001 | RU\NLR\ONIZ\196633 | ||
| 005 | 20250708193235.0 | ||
| 035 | _a(NLR Aleph) 012672533 | ||
| 071 | 0 | 0 | _aД-06841-2 |
| 090 |
_a13284240 _c13284240 |
||
| 100 | _a20120321f19001999|||y0rusy50 ca | ||
| 102 | _aRU | ||
| 126 |
_aabaxexu ux _bxxx |
||
| 127 | _a000042 | ||
| 200 | 1 |
_aСоната _bЗвукозапись _eси мин. _fФ. Лист _gисполн. : В. Клиберн, фп. |
|
| 210 |
_aЛенинград _cАккорд _d[19--] |
||
| 215 |
_a1 грп. [ГОСТ 5289-56] (42 мин) : 33 об/мин, моно _d30 см, в конв |
||
| 300 | _aЗапись 1960 г. | ||
| 606 | 1 |
_aСонаты для фортепиано _yВенгрия _z19 век _jЗвукозапись _2nlr_sh |
|
| 606 | 1 |
_aПианисты зарубежные _yСША _z20 век _2nlr_sh |
|
| 606 | 1 |
_aФортепианная музыка венгерская _z19 век _jЗвукозапись _2nlr_sh |
|
| 686 |
_aЩ954.2-041(4Вн) _vLBC/SL _2rubbk |
||
| 700 | 1 |
_9z01790 _aЛист _bФ. _f1811-1886 _gФеренц _4230 _7ca |
|
| 702 | 1 |
_9z05790 _aКлиберн _bВ. _cфортепиано _f1934-2013 _gВан _4590 _4kfp _7ca |
|
| 790 | 1 |
_9z01700 _aLiszt _bF. _f1811-1886 _gFerenz _4230 _7ba |
|
| 790 | 1 |
_9z05702 _aCliburn _bV. _f1934 -2013 _gVan _4590 _4kfp _7ba |
|
| 801 | 0 |
_aRU _bNLR _c20120321 _gPSBO |
|
| 801 | 1 |
_aRU _bNLR _c20120321 _2rusmarc |
|
| 801 | 2 |
_aRU _bNLR _c20211003 |
|
| 852 |
_aNLR _bМг _j3/7800 _p35904 _t1 |
||
| 942 | _cREC | ||
| 980 | _aNB | ||
| 980 | _aONIZ | ||